000 00883nam a2200265 a 4500
008
020 _a0751705136 (pbk.)
049 _aMAIN
090 _aHD30.213 ASS
245 0 0 _aACCA Practice & Revision Kit, Paper 2.1 :
_bInformation Systems /
_cAssociation of Chartered Certified Accountants.
250 _a2nd ed.
260 _aLondon :
_bBPP Publishing,
_c2002.
300 _axxii, 212 p. :
_bill. ;
_c30 cm.
440 _aBPP Publishing Books.
500 _aIncludes index.
500 _a"For exams in June and December 2002."
650 0 _aInformation Systems
650 0 _aInformation Systems
_vProblems, exercises, etc.
710 2 _aAssociation of Chartered Certified Accountants.
907 _a.b10242764
_b01-02-10
_c07-05-07
003
005 20230123134439.0
040 _cNUST
942 _cBOOKS
_kHD30.213 ASS
999 _c166076
_d166076